000
00299nam a2200133Ia 4500
100
_a
Fomin/S
942
_c
BK
654
_a
Lathe Operators
245
_a
Hand Book For Lathe Operators & Foremen
260
_b
Mir Publishers
_a
Moscow
_c
1968
082
_a
621.9
300
_a
325
546
_a
ENGLISH
999
_c
34904
_d
34904